Logo BPK

Biblioteka

Politechniki Koszalińskiej

Ludwig Mies van der Rohe / (Rekord nr 22433)

Szczegóły MARC
000 -ETYKIETA REKORDU
podpole kontrolne o stałej długości 00355nam a2200145 i 4500
001 - NUMER KONTROLNY REKORDU
pole kontrolne bg
040 ## - ŹRÓDŁO KATALOGOWANIA
Instytucja, która utworzyła rekord BPK
041 ## - KOD JĘZYKA
Kod języka tekstu pol
080 ## - UNIWERSALNA KLASYFIKACJA DZIESIĘTNA - UKD
UKD 72.071"18"(084.12):929"18/19"(430)A/Z
008 - POLE O STAŁEJ DŁUGOŚCI - DANE KONTROLNE
podpole kontrolne o stałej długości s pl f |000 0 pol
100 1# - NAZWA OSOBOWA
Nazwa osobowa BONTA, Janos
245 #0 - TYTUŁ/ODPOWIEDZIALNOŚĆ
Tytuł Ludwig Mies van der Rohe /
Pozostałe elementy strefy tytułu i oznaczenia odpowiedzialności Janos Bonta.
260 ## - STREFA ADRESU WYDAWNICZEGO
Miejsce wydania Budapest,
Data publikacji, dystrybucji/powstania dokumentu 1983.
856 ## - LOKALIZACJA I DOSTĘP DO ELEKTRONICZNYCH DOKUMENTÓW ZDALNYCH
Link (URL) http://koha.tu.koszalin.pl/cgi-bin/koha/opac-detail.pl?biblionumber=22433
Tekst linku Katalog online BPK
942 ## - DODATKOWE ELEMENTY (KOHA)
Typ dokumentu Książka
Egzemplarze
Wycofany Status egzemplarza Uszkodzony Dostępność Lokalizacja stała Lokalizacja bieżąca Miejsce przechowywania Sygnatura Kod kreskowy Typ dokumentu Ostatnio wypożyczono
      Dostępny Biblioteka Politechniki Koszalińskiej Biblioteka Politechniki Koszalińskiej Wypożyczalnia BG 31494 01924374 Książka  
      Dostępny Biblioteka Politechniki Koszalińskiej Biblioteka Politechniki Koszalińskiej Wypożyczalnia BG 31495 01562743 Książka 19.04.2021
© 2023 Biblioteka Politechniki Koszalińskiej :: KOHA